[Event "?"]
[Site "ICS Rated blitz match, 208.19"]
[Date "1997.??.??"]
[Round "?"]
[White "Brause"]
[Black "K6-Krafty"]
[Result "1-0"]
[WhiteElo "2405"]
[BlackElo "2705"]
[PlyCount "159"]

1. e4 e5 2. Nf3 Nc6 3. Nc3 Nf6 4. Nxe5 Nxe5 5. d4 Ng6 6. e5 Ng8 7. Bc4 f6 8.
Qh5 fxe5 9. Bd3 e4 10. Bxe4 Qe7 11. O-O Qe6 12. Bg5 Be7 13. Rae1 Kd8 14. Bxb7
Bxb7 15. Rxe6 dxe6 16. Re1 Bc8 17. b3 Nf6 18. Qf3 Rb8 19. a4 Bd7 20. Qd3 Rb6
21. Qf3 c6 22. Ne4 Nxe4 23. Bxe7+ Kxe7 24. Rxe4 Rb7 25. Qf5 Re8 26. Re3 Kd8 27.
Qg5+ Kc8 28. Qh5 Rh8 29. Re4 Kb8 30. Qc5 Ka8 31. Qd6 Rhb8 32. a5 a6 33. f3 Rf8
34. Rh4 Rh8 35. Re4 Re8 36. Re3 Ne7 37. Qe5 Nf5 38. Re4 Rc8 39. Qc5 Rb5 40. Qa3
Rcb8 41. Qa1 Ka7 42. Qe1 g6 43. Qd2 Nd6 44. Re3 Nb7 45. b4 Nd6 46. Rb3 R8b7 47.
Qh6 Nf5 48. Qxh7 Nxd4 49. Rb2 Ne2+ 50. Kf1 Nf4 51. c4 Rh5 52. Qe7 e5 53. Rd2
Bc8 54. Qc5+ Ka8 55. Qxc6 Kb8 56. h3 Rhh7 57. Qxa6 Rhe7 58. Qd6+ Rbc7 59. Qb6+
Rb7 60. Qc5 Rbc7 61. Qb5+ Rb7 62. Qa4 e4 63. fxe4 Rxe4 64. Qc6 Re6 65. Rd6 Rf7
66. Rxe6 Bxe6 67. Kg1 Bd7 68. Qb6+ Ka8 69. a6 Be6 70. b5 g5 71. Qc6+ Ka7 72.
Qc5+ Ka8 73. b6 Ne2+ 74. Kh2 Nd4 75. Qxd4 Rb7 76. Qe4 Bc8 77. axb7+ Kb8 78.
Qe5+ Kxb7 79. Qc7+ Ka6 80. Qa7# 1-0

[Event "?"]
[Site "ICS Rated blitz match, 208.19"]
[Date "1997.??.??"]
[Round "?"]
[White "Brause"]
[Black "K6-Krafty"]
[Result "1-0"]
[WhiteElo "2435"]
[BlackElo "2675"]
[PlyCount "165"]

1. e4 e5 2. Nf3 Nc6 3. Nc3 Nf6 4. Nxe5 Nxe5 5. d4 Ng6 6. e5 Ng8 7. Bc4 c6 8.
Qe2 Qb6 9. Qf3 f6 10. Bxg8 Rxg8 11. exf6 gxf6 12. Ne4 Be7 13. Nxf6+ Bxf6 14.
Qxf6 Qb4+ 15. c3 Qe7+ 16. Qxe7+ Nxe7 17. O-O d5 18. Bf4 Bf5 19. Rfe1 Be4 20.
Bg3 Kd7 21. f3 Bd3 22. Rad1 Ba6 23. Re5 Ng6 24. Rh5 Rg7 25. Re1 Re8 26. Rxe8
Kxe8 27. Be5 Re7 28. g4 Bc4 29. b3 Be2 30. Kf2 Bd1 31. Kg3 a5 32. f4 a4 33.
bxa4 b6 34. f5 Nxe5 35. f6 Bxg4 36. Rg5 Ng6 37. fxe7 Bd1 38. c4 Nxe7 39. c5
bxc5 40. a5 Be2 41. dxc5 Kf7 42. Kf2 h6 43. Re5 Bc4 44. a4 Kf6 45. Re1 Nf5 46.
Rb1 d4 47. Rb6 d3 48. Rxc6+ Ke5 49. Ke1 Ke4 50. Kd2 Bd5 51. Rg6 Ne3 52. Rxh6
Nf1+ 53. Kc3 d2 54. Rh4+ Ke3 55. Rd4 Bc6 56. a6 Ke2 57. a7 d1=Q 58. Rxd1 Kxd1
59. h4 Ng3 60. Kb4 Ne4 61. h5 Nf6 62. h6 Kc2 63. Kc4 Kd2 64. Kd4 Ba8 65. a5 Ke2
66. a6 Kf3 67. Ke5 Ng4+ 68. Kd6 Nxh6 69. Kc7 Nf5 70. Kb8 Bc6 71. a8=B Bxa8 72.
Kxa8 Nd4 73. a7 Ke3 74. Kb7 Nf5 75. c6 Nd6+ 76. Kb8 Kd4 77. c7 Ke3 78. a8=Q Kf4
79. Qd5 Nf5 80. c8=Q Ne3 81. Qc7+ Kg4 82. Qg7+ Kh3 83. Qh5# 1-0

[Event "?"]
[Site "ICS Rated blitz match, 208.19"]
[Date "1997.??.??"]
[Round "?"]
[White "Brause"]
[Black "K6-Krafty"]
[Result "0-1"]
[WhiteElo "2460"]
[BlackElo "2650"]
[PlyCount "119"]

1. e4 e5 2. Nf3 Nc6 3. Nc3 Nf6 4. Nxe5 Nxe5 5. d4 Nc6 6. d5 Nb4 7. Bc4 Bd6 8.
O-O O-O 9. a3 Na6 10. Be3 Qe7 11. Bxa6 bxa6 12. f3 a5 13. Qd3 Bc5 14. Rae1 Rb8
15. Na4 Bb6 16. e5 Ne8 17. Bd4 d6 18. c3 Bxd4+ 19. Qxd4 Bd7 20. Qxa7 Rb3 21.
Qd4 Bxa4 22. Qxa4 Rxb2 23. exd6 Qg5 24. Rf2 Rxf2 25. Kxf2 Nxd6 26. Qxa5 Qh4+
27. Kf1 Qc4+ 28. Kf2 Rd8 29. a4 Nb7 30. Qb5 Qxb5 31. axb5 Nd6 32. c4 Kf8 33.
Rc1 Ra8 34. h3 Ra2+ 35. Kg1 Rd2 36. Rc3 Ke7 37. Re3+ Kd7 38. c5 Nxb5 39. Re5 f6
40. Rh5 h6 41. Kh2 Nc3 42. d6 cxd6 43. cxd6 Nd5 44. Rh4 Ne3 45. Re4 Nxg2 46.
Kg3 g5 47. Re7+ Kxd6 48. Re8 Kd7 49. Rb8 Nf4 50. Kg4 h5+ 51. Kf5 Ke7 52. Ke4
Nxh3 53. Ke3 Rd6 54. Ke4 h4 55. Ra8 Nf4 56. Ra5 h3 57. Ra8 h2 58. Rh8 Ne2 59.
Ke3 Ng3 60. Kf2 0-1

[Event "?"]
[Site "ICS Rated blitz match, 208.19"]
[Date "1997.??.??"]
[Round "?"]
[White "Brause"]
[Black "K6-Krafty"]
[Result "0-1"]
[WhiteElo "2480"]
[BlackElo "2665"]
[PlyCount "142"]

1. e4 e5 2. Nf3 Nc6 3. Nc3 Nf6 4. Nxe5 Nxe5 5. d4 Ng6 6. e5 Ng8 7. Bc4 c5 8.
Qf3 f6 9. Bxg8 Rxg8 10. exf6 Qxf6 11. Qxf6 gxf6 12. Ne4 Be7 13. dxc5 Nh4 14. g3
Rg4 15. Nd6+ Bxd6 16. cxd6 Re4+ 17. Be3 Ng2+ 18. Ke2 b6 19. Rhd1 Nxe3 20. fxe3
Kf7 21. Rac1 Ba6+ 22. Kf2 Rae8 23. Re1 R8e5 24. Rcd1 f5 25. Kf3 Bc4 26. Kf2 Ke6
27. b3 Ba6 28. c4 Bb7 29. a4 Bc6 30. Rd3 h5 31. Re2 Rg4 32. Red2 Be4 33. Rd4 h4
34. Re2 hxg3+ 35. hxg3 Rg8 36. b4 Rh8 37. Ke1 Rh1+ 38. Kf2 Ra1 39. Rb2 Rxa4 40.
Rd1 a5 41. bxa5 bxa5 42. Rd4 Rc5 43. g4 Raxc4 44. Rxc4 Rxc4 45. gxf5+ Bxf5 46.
Rb5 a4 47. Rb6 Bd3 48. Rb7 Rc2+ 49. Kg3 a3 50. Ra7 a2 51. Kf4 Bc4 52. Ke4 Bb3
53. Kd3 Rc4 54. Ra3 Ra4 55. Rxa2 Bxa2 56. Kd2 Re4 57. Ke2 Rxe3+ 58. Kxe3 Kxd6
59. Kd4 Bd5 60. Kc3 Ke5 61. Kd2 Ke4 62. Kc3 Ke3 63. Kb4 Be4 64. Ka3 d5 65. Kb4
d4 66. Ka3 d3 67. Kb4 Kd4 68. Ka5 Kc5 69. Ka4 d2 70. Ka3 d1=Q 71. Kb2 Qa4 0-1

[Event "?"]
[Site "ICS Rated blitz match, 208.19"]
[Date "1997.??.??"]
[Round "?"]
[White "Brause"]
[Black "K6-Krafty"]
[Result "0-1"]
[WhiteElo "2470"]
[BlackElo "2675"]
[PlyCount "111"]

1. e4 e5 2. Nf3 Nc6 3. Nc3 Nf6 4. Nxe5 Nxe5 5. d4 Ng6 6. e5 Ng8 7. Bc4 c6 8.
Qe2 Qb6 9. Qf3 f5 10. Qd3 d6 11. O-O d5 12. Na4 dxc4 13. Nxb6 cxd3 14. Nxa8
dxc2 15. Re1 N8e7 16. h4 Nd5 17. h5 Ngf4 18. Nc7+ Nxc7 19. Bxf4 Bb4 20. Re2 Ne6
21. Be3 f4 22. Rxc2 fxe3 23. fxe3 O-O 24. Rac1 Bd7 25. a3 Be7 26. Rf1 Rxf1+ 27.
Kxf1 Bh4 28. g4 Ng5 29. Rg2 Be6 30. b4 Bc4+ 31. Kg1 Nf3+ 32. Kh1 Bd5 33. Rb2
Bg5 34. e4 Bxe4 35. Kg2 Be3 36. Kg3 Bxd4 37. Re2 Bxe5+ 38. Kg2 Bd5 39. Re3 Nd2+
40. Kh3 Nc4 41. Re2 Kf7 42. Kh4 Ke6 43. Ra2 Bb2 44. a4 Be4 45. a5 Bb1 46. Ra4
Bc2 47. Ra2 Bb3 48. Rxb2 Nxb2 49. g5 Nd3 50. Kg4 Nxb4 51. Kf4 b6 52. axb6 axb6
53. Ke4 c5 54. Kf4 h6 55. gxh6 Nd5+ 56. Ke4 0-1

[Event "?"]
[Site "ICS Rated blitz match, 208.19"]
[Date "1997.??.??"]
[Round "?"]
[White "Brause"]
[Black "K6-Krafty"]
[Result "0-1"]
[WhiteElo "2525"]
[BlackElo "2715"]
[PlyCount "111"]

1. e4 e5 2. Nf3 Nc6 3. Nc3 Nf6 4. Nxe5 Nxe5 5. d4 Ng6 6. e5 Ng8 7. Bc4 c6 8.
Qe2 Qb6 9. Qf3 f5 10. Qd3 d6 11. O-O d5 12. Na4 dxc4 13. Nxb6 cxd3 14. Nxa8
dxc2 15. Re1 N8e7 16. a4 Nd5 17. a5 Ngf4 18. g3 Ne6 19. Be3 f4 20. gxf4 Nexf4
21. Nc7+ Nxc7 22. Bxf4 Bf5 23. Be3 Kd7 24. Rec1 Ke6 25. Kg2 Be7 26. b3 Bb4 27.
Kf3 Bc3 28. Ra4 Nd5 29. Rg1 Nxe3 30. Kxe3 c5 31. dxc5 Rd8 32. Rc4 Rd1 33. Rxc3
Rxg1 34. c6 bxc6 35. Rxc6+ Kxe5 36. Rc5+ Ke6 37. Rc6+ Kd5 38. Rc7 c1=Q+ 39.
Rxc1 Rxc1 40. Kf4 Bc2 41. b4 Kc4 42. a6 Kxb4 43. Ke3 Kc3 44. Kf4 Rh1 45. Kg3
Bd3 46. h4 Bxa6 47. Kg2 Rb1 48. Kf3 Bc4 49. h5 a5 50. Ke4 a4 51. h6 Re1+ 52.
Kf5 g6+ 53. Kf6 Re6+ 54. Kg5 a3 55. f4 a2 56. f5 0-1

[Event "?"]
[Site "ICS Rated blitz match, 208.19"]
[Date "1997.??.??"]
[Round "?"]
[White "Brause"]
[Black "oldtimer"]
[Result "1-0"]
[WhiteElo "2520"]
[BlackElo "2485"]
[PlyCount "97"]

1. e4 e5 2. Nf3 Nc6 3. Nc3 Nf6 4. Nxe5 Nxe5 5. d4 Ng6 6. e5 Ng8 7. Bc4 d5 8.
Bxd5 c6 9. Be4 f5 10. Bf3 Bb4 11. O-O Be6 12. a3 Bxc3 13. bxc3 N8e7 14. Bg5 h6
15. Be3 O-O 16. Bh5 Kh7 17. Qf3 Qd5 18. Bd2 Qxf3 19. Bxf3 Bc4 20. Rfb1 b6 21.
Re1 Nd5 22. g3 Nge7 23. Rad1 g5 24. Bg2 Nc7 25. Rb1 Ne6 26. Rb4 b5 27. a4 a6
28. axb5 axb5 29. Rb2 Nd5 30. h3 Ra3 31. Bxd5 Bxd5 32. c4 Bxc4 33. Bb4 Rfa8 34.
Bxa3 Rxa3 35. Rd1 Be2 36. Rd2 Bf3 37. Rb1 Kg6 38. Kh2 Bd5 39. Rbd1 Ra4 40. f4
gxf4 41. gxf4 Be4 42. Rf2 Nxd4 43. c3 Ne6 44. Rd6 Bd5 45. Rd2 Kf7 46. Rd7+ Ke8
47. Rh7 Nxf4 48. Rxh6 Re4 49. Rf2 1-0

[Event "?"]
[Site "ICS Rated blitz match, 208.19"]
[Date "1997.??.??"]
[Round "?"]
[White "Brause"]
[Black "HUGES"]
[Result "0-1"]
[WhiteElo "2535"]
[BlackElo "2455"]
[PlyCount "130"]

1. e4 e5 2. Nf3 Nc6 3. Nc3 Nf6 4. Nxe5 Nxe5 5. d4 Nc6 6. d5 Ne5 7. f4 Ng6 8. e5
Ng8 9. d6 cxd6 10. exd6 Qf6 11. Nb5 Kd8 12. Be3 Qxb2 13. Bd4 Qb4+ 14. c3 Qb2
15. Rb1 Qxa2 16. g3 f6 17. Ra1 Qd5 18. Rxa7 Qe4+ 19. Qe2 Qxe2+ 20. Bxe2 Rxa7
21. Bb6+ Ke8 22. Nxa7 Bxd6 23. Nxc8 Ba3 24. Kd2 N8e7 25. Nxe7 Kxe7 26. Rb1 Kd6
27. Bf3 Rc8 28. Kd3 Bc5 29. Bxc5+ Kxc5 30. Rxb7 Kd6 31. Rb6+ Kc5 32. Rb4 Ne7
33. Rb7 Kd6 34. c4 Rc5 35. Bg4 f5 36. Bf3 Ra5 37. Rb3 Kc5 38. Bd1 Nc8 39. Rb8
Nd6 40. Bb3 g6 41. Rd8 Ra7 42. Rh8 Ra3 43. Kc3 h5 44. Rd8 Ne4+ 45. Kc2 Nf6 46.
Kb2 Ra6 47. Rc8+ Kd4 48. Rc7 Re6 49. Bd1 Re1 50. Bc2 Re2 51. c5 Rxh2 52. c6
dxc6 53. Rxc6 Ne4 54. Rxg6 Rg2 55. Rb6 Nxg3 56. Rb3 h4 57. Rf3 h3 58. Rd3+ Kc4
59. Rc3+ Kd5 60. Rd3+ Ke6 61. Re3+ Kf6 62. Ra3 h2 63. Ra6+ Kg7 64. Ra7+ Kg6 65.
Ra1 Rg1 0-1

[Event "?"]
[Site "ICS Rated blitz match, 208.19"]
[Date "1997.??.??"]
[Round "?"]
[White "Brause"]
[Black "oldtimer"]
[Result "0-1"]
[WhiteElo "2500"]
[BlackElo "2520"]
[PlyCount "186"]

1. e4 e5 2. Nf3 Nc6 3. Nc3 Nf6 4. Nxe5 Nxe5 5. d4 Ng6 6. e5 Ng8 7. Bc4 d5 8.
Bxd5 c6 9. Be4 f5 10. Bf3 Bb4 11. O-O Be6 12. a3 Bxc3 13. bxc3 N8e7 14. Bg5 h6
15. Be3 O-O 16. Qb1 Bc4 17. Re1 b5 18. Bh5 Kh7 19. Qb2 Nd5 20. Rad1 Nge7 21.
Bd2 a6 22. Bf3 Qd7 23. Be2 Bxe2 24. Rxe2 Qe6 25. Qb3 Nc7 26. a4 Qc4 27. Qxc4
bxc4 28. Rb1 Rab8 29. Rb4 Rxb4 30. cxb4 Ned5 31. c3 Kg6 32. Re1 Kf7 33. Kf1 Ke6
34. Ke2 a5 35. Rc1 Ra8 36. f3 Ra7 37. g4 fxg4 38. fxg4 axb4 39. cxb4 c3 40.
Bxc3 Rxa4 41. Bd2 Kd7 42. Rc4 Ra3 43. h4 Rg3 44. g5 hxg5 45. Bxg5 Ne6 46. Kf2
Rd3 47. Ke2 Rxd4 48. Rxd4 Nxd4+ 49. Kd3 Nf3 50. Bc1 Nxh4 51. Kc4 Nc7 52. Kd4
Ne6+ 53. Ke4 g6 54. Bd2 Nf5 55. Bc3 Ne7 56. Bd2 Kc7 57. Kd3 Kb6 58. Kc4 g5 59.
Kd3 Kb5 60. Ke4 Kc4 61. Be1 Nd4 62. Bf2 Ne6 63. Be1 Nd5 64. Bd2 g4 65. Be1 Nxb4
66. Bg3 Nd3 67. Kf5 Kd5 68. Kxg4 Nxe5+ 69. Kh3 Ke4 70. Be1 c5 71. Bc3 Nd4 72.
Kh4 Kd3 73. Ba1 Nec6 74. Kg5 Na5 75. Kf6 Nc4 76. Ke7 Kc2 77. Kf6 Nb2 78. Ke5
Nb3 79. Kd5 Kb1 80. Bxb2 Kxb2 81. Kc4 Kc2 82. Kd5 Kd3 83. Ke6 Ke4 84. Kf6 Nd4
85. Kg6 c4 86. Kg7 Ke5 87. Kf7 c3 88. Kg6 c2 89. Kh5 c1=Q 90. Kg6 Qc7 91. Kg5
Qg7+ 92. Kh5 Kf4 93. Kh4 Qg6 0-1

[Event "?"]
[Site "ICS Rated blitz match, 208.19"]
[Date "1997.??.??"]
[Round "?"]
[White "Brause"]
[Black "oldtimer"]
[Result "0-1"]
[WhiteElo "2490"]
[BlackElo "2535"]
[PlyCount "200"]

1. e4 e5 2. Nf3 Nc6 3. Nc3 Nf6 4. Nxe5 Nxe5 5. d4 Ng6 6. e5 Ng8 7. Bc4 d5 8.
Bxd5 c6 9. Be4 f5 10. Bf3 Bb4 11. O-O Be6 12. a3 Bxc3 13. bxc3 N8e7 14. Qd3 b5
15. Bg5 Qd7 16. Rfe1 O-O 17. a4 a6 18. axb5 axb5 19. Rxa8 Rxa8 20. g3 Bc4 21.
Qd2 Qe6 22. h4 h6 23. Be3 Nd5 24. h5 Nge7 25. Bg2 Ra3 26. Qc1 Ra2 27. Bd2 Qc8
28. Qb1 Ra8 29. Kh2 Qa6 30. Bf1 Qa2 31. Qxa2 Rxa2 32. Bxc4 bxc4 33. Rc1 Kf7 34.
Kg2 Ke6 35. Be1 Nc7 36. Bd2 Nb5 37. f3 Nd5 38. Kf2 Nbxc3 39. Ke1 Nb5 40. c3 Ra3
41. Kf2 Ndxc3 42. Kf1 Kd5 43. Re1 Nxd4 44. Re3 Ncb5 45. Rxa3 Nxa3 46. Kf2 Nac2
47. f4 Ke4 48. Ba5 Ne6 49. Bd2 c5 50. Bc1 Ncd4 51. Bb2 Kd3 52. g4 c3 53. Ba3
Kd2 54. gxf5 Nxf5 55. Kg2 Nxf4+ 56. Kf3 Ne6 57. Ke4 Ne7 58. Kf3 c2 59. Ke4 c1=Q
60. Bxc1+ Kxc1 61. Kd3 Kb2 62. Kc4 Ka3 63. Kc3 Ka4 64. Kc4 Ka5 65. Kc3 Kb5 66.
Kd2 Kc4 67. Ke3 Kd5 68. Kd2 Kd4 69. Kc2 c4 70. Kd2 Nc6 71. Ke1 Nxe5 72. Kd1 Nf4
73. Kd2 Ned3 74. Kc2 Ne2 75. Kd2 Nc3 76. Kc2 Nb5 77. Kd1 Na3 78. Ke2 c3 79. Kf3
Ke5 80. Ke3 Nb2 81. Ke2 Ke4 82. Kf2 Nac4 83. Kg3 Ke3 84. Kg4 Nd6 85. Kg3 Nd3
86. Kh3 Kf3 87. Kh2 Nf4 88. Kg1 Ne4 89. Kh1 Nxh5 90. Kh2 Nf4 91. Kg1 Nd2 92.
Kh1 Kg3 93. Kg1 g5 94. Kh1 g4 95. Kg1 Nd3 96. Kh1 Kh3 97. Kg1 g3 98. Kh1 Ne1
99. Kg1 Nef3+ 100. Kh1 g2# 0-1

[Event "?"]
[Site "ICS Rated blitz match, 208.19"]
[Date "1997.??.??"]
[Round "?"]
[White "Brause"]
[Black "oldtimer"]
[Result "0-1"]
[WhiteElo "2475"]
[BlackElo "2565"]
[PlyCount "174"]

1. e4 e5 2. Nf3 Nc6 3. Nc3 Nf6 4. Nxe5 Nxe5 5. d4 Ng6 6. e5 Ng8 7. Bc4 d5 8.
Bxd5 c6 9. Be4 f5 10. Bf3 Bb4 11. O-O Be6 12. a3 Bxc3 13. bxc3 N8e7 14. Qd3 b5
15. Bg5 Qd7 16. Rfe1 O-O 17. a4 a6 18. axb5 axb5 19. Rxa8 Rxa8 20. g3 h6 21.
Be3 Bc4 22. Qd1 Nd5 23. Bd2 Qa7 24. Be2 Qa2 25. Bd3 Bxd3 26. cxd3 Kh7 27. h4
Ra3 28. h5 Nge7 29. Qc1 Nb6 30. Kg2 Qb3 31. Qb1 Kg8 32. Qxb3+ Rxb3 33. Rc1 Rb2
34. Be1 Kf7 35. Kf3 Ke6 36. Ra1 Rb3 37. Ke2 Na4 38. Rc1 c5 39. dxc5 Nxc5 40. d4
Na4 41. c4 bxc4 42. Rxc4 Nb6 43. Rc3 Rxc3 44. Bxc3 Nc6 45. Kd3 Kd5 46. f3 Na8
47. Ke3 Nc7 48. Ba1 Ne6 49. f4 Ncxd4 50. Bc3 Nc6 51. Bb2 Na5 52. Bc3 Nc6 53.
Bb2 Ne7 54. Kf3 Nd4+ 55. Kf2 Ke4 56. Ba3 Nec6 57. Bc5 Ne6 58. Ba3 Ncd4 59. Bd6
Nb3 60. Bb4 Nc1 61. Bc3 Nd3+ 62. Ke2 Ndxf4+ 63. gxf4 Kxf4 64. Kd3 Kg5 65. Kc4
Kxh5 66. Kd5 Nf4+ 67. Kd6 g5 68. e6 Nxe6 69. Kxe6 Kg4 70. Kd5 Kf3 71. Bg7 h5
72. Ke6 Ke4 73. Bc3 h4 74. Be1 Kf3 75. Kxf5 h3 76. Kxg5 h2 77. Bc3 Ke4 78. Kf6
h1=Q 79. Ke7 Kd5 80. Bg7 Qf3 81. Bf6 Qh5 82. Bg7 Qg6 83. Kf8 Ke6 84. Kg8 Qg5
85. Kh7 Kf7 86. Bf8 Kxf8 87. Kh8 Qh4# 0-1

[Event "?"]
[Site "ICS Rated blitz match, 208.19"]
[Date "1997.??.??"]
[Round "?"]
[White "Brause"]
[Black "humanoid"]
[Result "1-0"]
[WhiteElo "2435"]
[BlackElo "2420"]
[PlyCount "41"]

1. e4 e5 2. Nf3 Nc6 3. Nc3 Nf6 4. Nxe5 Nxe5 5. d4 Ng6 6. e5 Ng8 7. Bc4 f5 8.
Qh5 d6 9. Bg5 Be7 10. Bxg8 Rxg8 11. Bxe7 Qxe7 12. O-O Kf7 13. Nd5 Qh4 14. Qxh4
Nxh4 15. Nxc7 Rb8 16. f4 Ng6 17. Nb5 d5 18. c4 Be6 19. Nd6+ Ke7 20. cxd5 Bxd5
21. Nxf5+ 1-0

[Event "?"]
[Site "ICS Rated blitz match, 208.19"]
[Date "1997.??.??"]
[Round "?"]
[White "Brause"]
[Black "humanoid"]
[Result "0-1"]
[WhiteElo "2450"]
[BlackElo "2405"]
[PlyCount "154"]

1. e4 e5 2. Nf3 Nc6 3. Nc3 Nf6 4. Nxe5 Nxe5 5. d4 Ng6 6. e5 Ng8 7. Bc4 f5 8.
Qh5 d6 9. Bg5 Be7 10. Bxg8 Rxg8 11. Bxe7 Qxe7 12. Nd5 Qd8 13. O-O-O c6 14. Ne3
Qh4 15. Qxh4 Nxh4 16. g3 Ng6 17. exd6 Be6 18. d5 cxd5 19. Nxd5 Bxd5 20. Rxd5
Rf8 21. d7+ Kd8 22. Re1 Ne7 23. Rd2 b6 24. Re6 Rb8 25. h4 Rb7 26. Red6 Rc7 27.
Rd1 Nc6 28. a4 Rf7 29. c3 Rfxd7 30. R6d5 Ne7 31. Re5 Rxd1+ 32. Kxd1 Rd7+ 33.
Kc2 Rd5 34. Re3 Kd7 35. c4 Rd6 36. a5 Nc6 37. axb6 axb6 38. Re1 Re6 39. Rd1+
Rd6 40. Re1 Re6 41. Rd1+ Kc7 42. Rd2 Re4 43. Kc3 f4 44. h5 fxg3 45. fxg3 Re3+
46. Rd3 Rxd3+ 47. Kxd3 Kd6 48. Kd2 Ke5 49. Kc3 Ke4 50. b4 Ke3 51. g4 h6 52. b5
Ne5 53. Kb4 Kd4 54. c5 bxc5+ 55. Ka3 Nd7 56. Kb3 c4+ 57. Kc2 c3 58. Kc1 Nb6 59.
Kc2 Kc4 60. Kc1 Kxb5 61. Kd1 Kc4 62. Kc2 Nd5 63. Kc1 Nb4 64. g5 hxg5 65. Kd1 g4
66. Ke2 c2 67. Kd2 g3 68. Ke3 g2 69. Kf2 c1=Q 70. Kxg2 Kd4 71. Kf3 Qe3+ 72. Kg4
Nd3 73. Kf5 Qe5+ 74. Kg4 Qf4+ 75. Kh3 Qg5 76. Kh2 Nf4 77. h6 Qg2# 0-1

[Event "?"]
[Site "ICS Rated blitz match, 208.19"]
[Date "1997.??.??"]
[Round "?"]
[White "Brause"]
[Black "humanoid"]
[Result "0-1"]
[WhiteElo "2435"]
[BlackElo "2425"]
[PlyCount "124"]

1. e4 e5 2. Nf3 Nc6 3. Nc3 Nf6 4. Nxe5 Nxe5 5. d4 Ng6 6. e5 Ng8 7. Bc4 f5 8.
Qh5 d6 9. Bg5 Be7 10. Bxg8 Rxg8 11. Bxe7 Qxe7 12. Nd5 Qd8 13. Rd1 c6 14. Nc3 d5
15. Qxh7 Kf7 16. Qh5 Qh4 17. Qxh4 Nxh4 18. O-O g5 19. Rd3 Be6 20. b3 Ke7 21.
Ne2 Raf8 22. Ng3 Rh8 23. Rfd1 f4 24. Nf1 f3 25. g3 Ng2 26. Nd2 g4 27. h4 Bf5
28. Rc3 Rfg8 29. Rc5 Nxh4 30. gxh4 Rxh4 31. Nf1 Rgh8 32. Ng3 Be4 33. c4 Rh2 34.
Rd2 Rg2+ 35. Kf1 Rhh2 36. Ra5 a6 37. cxd5 cxd5 38. Rc5 Rxg3 39. fxg3 Rxd2 40.
Rc7+ Kd8 41. Rf7 Rxa2 42. b4 Ke8 43. Rf6 Rb2 44. Re6+ Kd7 45. Rd6+ Ke7 46. Rf6
Rxb4 47. Kf2 Rb2+ 48. Ke3 a5 49. Kf4 a4 50. Kxg4 a3 51. Rxf3 Bxf3+ 52. Kxf3 a2
53. Kf4 a1=Q 54. Kg5 Rb3 55. g4 Qxd4 56. Kh4 Rf3 57. Kg5 Qxe5+ 58. Kg6 Rg3 59.
Kh6 Qh8+ 60. Kg6 Qf6+ 61. Kh7 Rh3+ 62. Kg8 Rh8# 0-1

[Event "?"]
[Site "ICS Rated blitz match, 208.19"]
[Date "1997.??.??"]
[Round "?"]
[White "Brause"]
[Black "humanoid"]
[Result "1-0"]
[WhiteElo "2425"]
[BlackElo "2440"]
[PlyCount "35"]

1. e4 e5 2. Nf3 Nc6 3. Nc3 Nf6 4. Nxe5 Nxe5 5. d4 Ng6 6. e5 Ng8 7. Bc4 f5 8.
O-O d6 9. Qe2 dxe5 10. dxe5 c6 11. Rd1 Qe7 12. f4 Be6 13. Rd6 Bxc4 14. Qxc4 Qh4
15. g3 Qh5 16. Rxc6 Be7 17. Qb5 bxc6 18. Qxc6+ 1-0

[Event "?"]
[Site "ICS Rated blitz match, 208.19"]
[Date "1997.??.??"]
[Round "?"]
[White "Brause"]
[Black "humanoid"]
[Result "1-0"]
[WhiteElo "2445"]
[BlackElo "2425"]
[PlyCount "47"]

1. e4 e5 2. Nf3 Nc6 3. Nc3 Nf6 4. Nxe5 Nxe5 5. d4 Ng6 6. e5 Ng8 7. Bc4 f5 8.
O-O Bb4 9. Nd5 Ba5 10. Nf4 Nxf4 11. Bxf4 Bb4 12. Bxg8 Rxg8 13. Qh5+ Kf8 14.
Qxf5+ Ke8 15. Qh5+ Kf8 16. Qxh7 Qe8 17. d5 Qf7 18. Qe4 Be7 19. d6 cxd6 20. exd6
Bf6 21. Be5 Rh8 22. Bxf6 Qxf6 23. Rfe1 Qf7 24. Qd4 1-0

[Event "?"]
[Site "ICS Rated blitz match, 208.19"]
[Date "1997.??.??"]
[Round "?"]
[White "Brause"]
[Black "humanoid"]
[Result "1-0"]
[WhiteElo "2460"]
[BlackElo "2410"]
[PlyCount "35"]

1. e4 e5 2. Nf3 Nc6 3. Nc3 Nf6 4. Nxe5 Nxe5 5. d4 Ng6 6. e5 Ng8 7. Bc4 f5 8.
O-O Qh4 9. Be3 Nh6 10. Nd5 Kd8 11. Qd2 Be7 12. Bd3 Rf8 13. Bxh6 Qxh6 14. Qc3 c6
15. Qa5+ b6 16. Nxb6 axb6 17. Qxa8 Nf4 18. Ba6 1-0

[Event "?"]
[Site "ICS Rated blitz match, 208.19"]
[Date "1997.??.??"]
[Round "?"]
[White "Brause"]
[Black "humanoid"]
[Result "1/2-1/2"]
[WhiteElo "2470"]
[BlackElo "2395"]
[PlyCount "85"]

1. e4 e5 2. Nf3 Nc6 3. Nc3 Nf6 4. Nxe5 Nxe5 5. d4 Ng6 6. e5 Ng8 7. Bc4 f5 8.
O-O Qh4 9. Nb5 Kd8 10. g3 Qh3 11. Bd5 f4 12. Bd2 a6 13. Nc3 Nh6 14. Bg2 Qf5 15.
Nd5 a5 16. Nxf4 Nxf4 17. Bxf4 Be7 18. Bxh6 gxh6 19. Qe2 c6 20. c4 d6 21. exd6
Bxd6 22. Qe3 Qg5 23. f4 Qf6 24. c5 Bc7 25. Rae1 Bd7 26. d5 Kc8 27. d6 Bd8 28.
b3 Re8 29. Qf2 Rxe1 30. Rxe1 a4 31. b4 a3 32. Re5 Qf7 33. Qe2 Ra4 34. Qd2 Bf6
35. Re4 Bf5 36. Re3 Qc4 37. Re8+ Kd7 38. Qe1 Qxb4 39. Re7+ Kd8 40. Re8+ Kd7 41.
Re7+ Kd8 42. Re8+ Kd7 43. Re7+ 1/2-1/2

[Event "?"]
[Site "ICS Rated blitz match, 208.19"]
[Date "1997.??.??"]
[Round "?"]
[White "Brause"]
[Black "evbad"]
[Result "1-0"]
[WhiteElo "2485"]
[BlackElo "2395"]
[PlyCount "65"]

1. e4 e5 2. Nf3 Nc6 3. Nc3 Nf6 4. Nxe5 Nxe5 5. d4 Ng6 6. e5 Ng8 7. Bc4 d5 8.
Nxd5 Be6 9. Ne3 Bxc4 10. Nxc4 N8e7 11. O-O Nd5 12. Na5 b6 13. Nb3 Be7 14. f4 f5
15. c4 Nb4 16. a3 Na6 17. Be3 O-O 18. d5 Nc5 19. Nd4 Ne4 20. Ne6 Qd7 21. Nxf8
Rxf8 22. g3 Bc5 23. Re1 a5 24. Bxc5 bxc5 25. e6 Qd6 26. Qa4 h6 27. Qxa5 Nxf4
28. gxf4 Qxf4 29. Re2 Rf6 30. Qe1 Ng5 31. e7 Nf3+ 32. Kh1 Nxe1 33. e8=Q+ 1-0

[Event "?"]
[Site "ICS Rated blitz match, 208.19"]
[Date "1997.??.??"]
[Round "?"]
[White "Brause"]
[Black "Ceater"]
[Result "1-0"]
[WhiteElo "2505"]
[BlackElo "2470"]
[PlyCount "86"]

1. e4 e5 2. Nf3 Nc6 3. Nc3 Nf6 4. Nxe5 Nxe5 5. d4 Nc6 6. d5 Ne5 7. f4 Ng6 8. e5
Ng8 9. d6 cxd6 10. exd6 Qh4+ 11. g3 Qf6 12. Nb5 Rb8 13. Be3 b6 14. Bd4 Qe6+ 15.
Be2 Qe4 16. O-O Kd8 17. Nxa7 Nf6 18. Re1 Qf5 19. Nxc8 Kxc8 20. Ba6+ Kd8 21. Bd3
Qh3 22. f5 Bxd6 23. fxg6 hxg6 24. Qe2 Ng4 25. Qg2 Nxh2 26. Re3 Bc5 27. Bxc5
bxc5 28. Qe4 Qh5 29. Rae1 Ng4 30. R3e2 Rxb2 31. Bc4 Nf6 32. Qg2 d5 33. Bxd5
Nxd5 34. Re5 Kc8 35. Rxh5 Rxh5 36. Qe4 Kc7 37. Rd1 Rb4 38. c4 Rg5 39. Rxd5 Rxd5
40. Qxd5 Rb1+ 41. Kf2 Rb2+ 42. Ke3 Rxa2 43. Qxf7+ Kd8 1-0

[Event "?"]
[Site "ICS Rated blitz match, 208.19"]
[Date "1997.??.??"]
[Round "?"]
[White "Brause"]
[Black "oldtimer"]
[Result "1-0"]
[WhiteElo "2485"]
[BlackElo "2480"]
[PlyCount "76"]

1. e4 e5 2. Nf3 Nc6 3. Nc3 Nf6 4. Nxe5 Nxe5 5. d4 Ng6 6. e5 Ng8 7. Bc4 d5 8.
Nxd5 Be6 9. Ne3 Bxc4 10. Nxc4 c5 11. d5 b5 12. Na3 Nxe5 13. Nxb5 Qa5+ 14. Nc3
Bd6 15. O-O Nf6 16. Bg5 O-O-O 17. Bxf6 gxf6 18. Ne4 f5 19. Nxd6+ Rxd6 20. Re1
Ng6 21. Qd3 f4 22. Qf5+ Kb8 23. Qxf7 Qc7 24. Re8+ Rd8 25. Rxh8 Rxh8 26. Qe6 Rd8
27. Rd1 Qd6 28. Qh3 Qd7 29. Qd3 Ne5 30. Qe4 Ng6 31. b3 Re8 32. Qc4 f3 33. gxf3
Re5 34. Qxc5 Rg5+ 35. Kh1 Rh5 36. c4 Qh3 37. Qd6+ Kc8 38. Qg3 Qxg3 1-0

[Event "?"]
[Site "ICS Rated blitz match, 208.19"]
[Date "1997.??.??"]
[Round "?"]
[White "Brause"]
[Black "Kiriakos"]
[Result "1-0"]
[WhiteElo "2515"]
[BlackElo "2045"]
[PlyCount "49"]

1. e4 e5 2. Nf3 Nc6 3. Nc3 Nf6 4. Nxe5 Nxe5 5. d4 Ng6 6. e5 Be7 7. Bc4 O-O 8.
exf6 Bxf6 9. O-O c6 10. d5 d6 11. Bd2 Bf5 12. dxc6 bxc6 13. Qf3 Qd7 14. Bb3 d5
15. Rfe1 Bg4 16. Qd3 Bf5 17. Qg3 Rfe8 18. Rac1 Be5 19. Qf3 Bg4 20. Qd3 Bf5 21.
Qa6 Bf4 22. Bxf4 Nxf4 23. Ba4 Bh3 24. Rxe8+ Rxe8 25. Qxc6 1-0

[Event "?"]
[Site "ICS Rated blitz match, 208.19"]
[Date "1997.??.??"]
[Round "?"]
[White "Brause"]
[Black "GeorgeJohn"]
[Result "1-0"]
[WhiteElo "2580"]
[BlackElo "2285"]
[PlyCount "25"]

1. e4 e5 2. Nf3 Nc6 3. Nc3 Nf6 4. Nxe5 Nxe5 5. d4 Ng6 6. e5 Ng8 7. Bc4 Bb4 8.
Qf3 Qe7 9. O-O Bxc3 10. bxc3 Nh4 11. Qg3 Nf5 12. Qg4 Ngh6 13. Bxh6 1-0

[Event "?"]
[Site "ICS Rated blitz match, 208.19"]
[Date "1997.??.??"]
[Round "?"]
[White "Brause"]
[Black "GeorgeJohn"]
[Result "1-0"]
[WhiteElo "2585"]
[BlackElo "2280"]
[PlyCount "45"]

1. e4 e5 2. Nf3 Nc6 3. Nc3 Nf6 4. Nxe5 Nxe5 5. d4 Nc6 6. d5 Ne5 7. f4 Ng6 8. e5
Ng8 9. d6 cxd6 10. exd6 Qh4+ 11. g3 Qf6 12. Nb5 Kd8 13. Be3 b6 14. Nxa7 Qxb2
15. Rb1 Qxa2 16. Bxb6+ Ke8 17. Nb5 Rb8 18. Ra1 Qe6+ 19. Kf2 Rxb6 20. Nc7+ Kd8
21. Nxe6+ fxe6 22. Bg2 Bxd6 23. Qd4 1-0